[Event "Senta op 20th"]
[Site "Senta"]
[Date "2016.07.26"]
[Round "6"]
[White "Farkas, Sandor I"]
[Black "Vukasinovic, Dragan"]
[Result "1/2-1/2"]
[WhiteElo "1957"]
[BlackElo "2097"]
[PlyCount "38"]
[EventDate "2016.07.22"]
[EventType "swiss"]
[EventRounds "9"]
[EventCountry "SRB"]
[SourceTitle "EXT 2017"]
[Source "ChessBase"]
[SourceDate "2016.10.25"]
[SourceVersion "1"]
[SourceVersionDate "2016.10.25"]
[SourceQuality "1"]

1. e4 c5 2. Nf3 e6 3. d4 cxd4 4. Nxd4 a6 5. c4 Nf6 6. Nc3 Qc7 7. a3 d6 8. Be3 Nbd7 9. Be2 Be7 10. 0-0 0-0 11. Rc1 b6 12. b4 Bb7 13. f3 Rac8 14. Qd2 Rfd8 15. Rfd1 Qb8 16. Nb3 Qc7 17. Na4 Qc6 18. Nc3 Qc7 19. Qd4 Nc5 1/2-1/2

[Event "Senta op-B 13th"]
[Site "Senta"]
[Date "2009.07.22"]
[Round "6"]
[White "Vukasinovic, Dragan"]
[Black "Vucinic, Gojko"]
[Result "1-0"]
[WhiteElo "2094"]
[BlackElo "1937"]
[PlyCount "77"]
[EventDate "2009.07.18"]
[EventType "swiss"]
[EventRounds "9"]
[EventCountry "YUG"]
[SourceTitle "EXT 2012"]
[Source "ChessBase"]
[SourceDate "2011.11.24"]
[SourceVersion "1"]
[SourceVersionDate "2011.11.24"]
[SourceQuality "1"]

1. c4 c5 2. Nc3 Nc6 3. g3 g6 4. Bg2 Bg7 5. e4 e5 6. Nge2 Nge7 7. d3 0-0 8. Be3 d6 9. 0-0 Be6 10. h3 Qd7 11. Kh2 f5 12. f4 fxe4 13. Nxe4 exf4 14. Nxf4 Bxb2 15. Rb1 Bd4 16. Bxd4 Nxd4 17. Ng5 Rab8 18. Ngxe6 Nxe6 19. Qg4 Rxf4 20. gxf4 Nf5 21. Rfe1 Ned4 22. Re4 Kf7 23. Rbe1 h5 24. Re7+ Qxe7 25. Rxe7+ Nxe7 26. Qd7 Ndf5 27. a4 Kf6 28. Bxb7 g5 29. fxg5+ Kxg5 30. a5 Kf4 31. Qe6 Rg8 32. Qe4+ Kg5 33. h4+ Kf6 34. Bd5 Rg4 35. Qe6+ Kg7 36. Qf7+ Kh6 37. Qf6+ Kh7 38. Be4 Rxh4+ 39. Qxh4 1-0

[Event "Senta op-A 11th"]
[Site "Senta"]
[Date "2007.07.22"]
[Round "3"]
[White "Nikolic, Stanimir"]
[Black "Vukasinovic, Dragan"]
[Result "1-0"]
[WhiteElo "2289"]
[BlackElo "2142"]
[PlyCount "111"]
[EventDate "2007.07.21"]
[EventType "swiss"]
[EventRounds "9"]
[EventCountry "YUG"]
[SourceTitle "CBM 119 Extra"]
[Source "ChessBase"]
[SourceDate "2007.09.04"]
[SourceVersion "1"]
[SourceVersionDate "2007.09.04"]
[SourceQuality "1"]

1. d4 Nf6 2. Nf3 g6 3. c4 c5 4. d5 b5 5. cxb5 a6 6. bxa6 Bxa6 7. Nc3 d6 8. Bg5 Nbd7 9. Qd2 h5 10. g3 Bg7 11. Bg2 Ng4 12. 0-0 Qa5 13. Rfc1 Rb8 14. Qc2 Rb4 15. Bd2 Rb8 16. Rab1 0-0 17. b3 Rfc8 18. h3 Nh6 19. e4 c4 20. bxc4 Bxc4 21. Rxb8 Nxb8 22. Nd1 Qa3 23. Ne3 Ba6 24. Qxc8+ Bxc8 25. Rxc8+ Bf8 26. Rxb8 Qa7 27. Rb2 Bg7 28. Rc2 Bf6 29. g4 hxg4 30. hxg4 g5 31. Ne1 Qd7 32. Bf3 Bd4 33. N1g2 Qa4 34. Bd1 Qa7 35. Kf1 Be5 36. Nc4 Bd4 37. Bxg5 Kg7 38. Be3 Ng8 39. Rd2 Bc5 40. a4 Nf6 41. f3 Nd7 42. Kf2 Qa6 43. Bxc5 Nxc5 44. Nge3 Qa7 45. a5 Qb8 46. Be2 Qh8 47. Kg2 Kg6 48. Ra2 Qh4 49. a6 Nxa6 50. Rxa6 Qe1 51. Ra2 Kg5 52. Nf1 Kf4 53. Nce3 e6 54. dxe6 fxe6 55. Bc4 Ke5 56. Rd2 1-0

[Event "Senta op-A 11th"]
[Site "Senta"]
[Date "2007.07.21"]
[Round "1"]
[White "Miljkovic, Miroslav M"]
[Black "Vukasinovic, Dragan"]
[Result "1-0"]
[WhiteElo "2405"]
[BlackElo "2142"]
[PlyCount "71"]
[EventDate "2007.07.21"]
[EventType "swiss"]
[EventRounds "9"]
[EventCountry "YUG"]
[SourceTitle "CBM 119 Extra"]
[Source "ChessBase"]
[SourceDate "2007.09.04"]
[SourceVersion "1"]
[SourceVersionDate "2007.09.04"]
[SourceQuality "1"]

1. d4 Nf6 2. c4 c5 3. d5 b5 4. cxb5 a6 5. bxa6 Bxa6 6. Nc3 d6 7. e4 Bxf1 8. Kxf1 g6 9. g3 Bg7 10. Kg2 Nbd7 11. Nf3 0-0 12. Re1 Ng4 13. Nd2 Nge5 14. Qe2 h5 15. f4 Ng4 16. h3 Nh6 17. Nf3 Qa5 18. e5 Nf5 19. Bd2 Rfb8 20. Nd1 Qa4 21. Bc3 Nb6 22. b3 Qa6 23. Qxa6 Rxa6 24. g4 hxg4 25. hxg4 Nd4 26. Ne3 Rba8 27. Nxd4 cxd4 28. Bxd4 Rxa2+ 29. Rxa2 Rxa2+ 30. Kf3 Nd7 31. Nc4 g5 32. Ra1 Rxa1 33. Bxa1 gxf4 34. exd6 Bxa1 35. dxe7 Nf6 36. d6 1-0